Escenarios de la nueva ruralidad en Chile
Enregistré dans:
| Auteurs principaux: | , , |
|---|---|
| Format: | Livre |
| Langue: | espagnol |
| Publié: |
Valparaíso
Universidad de Playa Ancha de Ciencias de la Educación
2002
Valparaíso Universidad Austral de Chile 2002 |
| Sujets: | |
| Tags: |
Ajouter un tag
Pas de tags, Soyez le premier à ajouter un tag!
|
MARC
| LEADER | 00000nam a2200000 a 4500 | ||
|---|---|---|---|
| 001 | UCK6744 | ||
| 003 | CL-VaPUC | ||
| 008 | 051014e20020000cl |||||||||||||||||spa|d | ||
| 082 | 0 | 4 | |a 307.72 |b SAN |2 21 |
| 100 | 0 | |a Sánchez Segura, Ximena |e author |9 496208 | |
| 700 | 0 | |a González Parra, Claudio |e author |9 496209 | |
| 700 | 0 | |a Amtmann Moyano, Carlos A |e author |9 496210 | |
| 245 | 1 | 0 | |a Escenarios de la nueva ruralidad en Chile |
| 300 | |a 176 p | ||
| 942 | |c BK | ||
| 945 | |d 20051014 00:00:00 |a jcarroza | ||
| 260 | |a Valparaíso |b Universidad de Playa Ancha de Ciencias de la Educación |c 2002 | ||
| 260 | |a Valparaíso |b Universidad Austral de Chile |c 2002 | ||
| 650 | 7 | |a SOCIOLOGIA RURAL |2 CL-VaPUC |9 264560 | |
| 650 | 7 | |a DESARROLLO RURAL |2 CL-VaPUC |9 496211 | |
| 650 | 7 | |a COMUNIDADES INDIGENAS |2 CL-VaPUC |9 496212 | |
| 651 | 7 | |a CHILE |2 CL-VaPUC |9 496213 | |
| 583 | |a last modification |c 20171220 03:07:35 |k Rodrigo Vera | ||
| 999 | |c 314931 |d 314929 | ||
| 952 | |0 0 |1 0 |4 0 |6 307_720000000000000_SAN_2002_2002 |7 0 |8 A |9 387736 |a BIBHIS |b BIBHIS |d 2019-11-22 |i 4170830 |o 307.72 SAN 2002 2002 |p 4170830 |r 2025-01-20 |w 2019-11-22 |y BK |k HIS | ||